00490nam a22001817a 450000500170000001000130001702000100003003700160004004000120005608200160006810000240008424500630010826000360017127000430020730000320025065000130028265000130029520170124105944.0 aA-709499 c00.00 bCen Lib/Ret aDPLbEN a230.37bASH aAshokananda, Swami  aThe soul's journey to its destiny /cby Swami Ashokananda  bAdvaita AshramaaCalcuttac1993 a5 Dehi Entally Road bCalcuttae700014 a312p. c17m(Hb) aReligion aHinduism